000 00487nam a2200169Ia 4500
003 IN-BaIIA
008 211028s9999 xx 000 0 eng d
020 _a0-7503-0765-X
040 _cIIA Library
080 _a524.83
_bYUL
100 _aYulsman, T
_928743
245 0 _aOrigins
_bthe quest for our cosmic roots
_cT. Yulsman
260 _aBristol
_bInstitute of Physics
_c2003
300 _axvi, 384p.
650 _aCosmology
942 _cBK
999 _c15592
_d15592